Logo BPK

Biblioteka

Politechniki Koszalińskiej

Sam naprawiam swój komputer PC / (Rekord nr 6274)

Szczegóły MARC
000 -ETYKIETA REKORDU
podpole kontrolne o stałej długości 00603nam a2200217 i 4500
001 - NUMER KONTROLNY REKORDU
pole kontrolne bg
020 ## - MIĘDZYNARODOWY ZNORMALIZOWANY NUMER KSIĄŻKI - ISBN
ISBN 83855515143
040 ## - ŹRÓDŁO KATALOGOWANIA
Instytucja, która utworzyła rekord BPK
041 ## - KOD JĘZYKA
Kod języka tekstu pol
080 ## - UNIWERSALNA KLASYFIKACJA DZIESIĘTNA - UKD
UKD 004
920 ## - Międzynarodowy znormalizowany numer książki – ISBN
ISBN 83-855515-14-3
008 - POLE O STAŁEJ DŁUGOŚCI - DANE KONTROLNE
podpole kontrolne o stałej długości s pl f |000 0 pol
100 1# - NAZWA OSOBOWA
Nazwa osobowa ASPINWWALL, Jim
245 #0 - TYTUŁ/ODPOWIEDZIALNOŚĆ
Tytuł Sam naprawiam swój komputer PC /
Pozostałe elementy strefy tytułu i oznaczenia odpowiedzialności Jim Aspinwwall, Rory Burke, Mike Todd ; [tł. z ang. jw TEXT].
260 ## - STREFA ADRESU WYDAWNICZEGO
Miejsce wydania Warszawa :
Nazwa wydawcy/dystrybutora "Intersoftland",
Data publikacji, dystrybucji/powstania dokumentu 1992.
300 ## - STREFA OPISU FIZYCZNEGO
Objętość XX, 299 s. :
Inne cechy fizyczne il. ;
Rozmiary 24 cm +
Dokument towarzyszący Dyskietka.
504 ## - UWAGA DOTYCZĄCA BIBLIOGRAFII
Informacje o bibliografii Bibliogr. s. 297.
700 1# - HASŁO DODATKOWE - NAZWA OSOBOWA
Nazwa osobowa BURKE, Rory
700 1# - HASŁO DODATKOWE - NAZWA OSOBOWA
Nazwa osobowa TODD, Mike
856 ## - LOKALIZACJA I DOSTĘP DO ELEKTRONICZNYCH DOKUMENTÓW ZDALNYCH
Link (URL) http://koha.tu.koszalin.pl/cgi-bin/koha/opac-detail.pl?biblionumber=6274
Tekst linku Katalog online BPK
942 ## - DODATKOWE ELEMENTY (KOHA)
Typ dokumentu Książka
Egzemplarze
Wycofany Status egzemplarza Uszkodzony Dostępność Lokalizacja stała Lokalizacja bieżąca Miejsce przechowywania Sygnatura Kod kreskowy Typ dokumentu
      Dostępny Biblioteka Politechniki Koszalińskiej Biblioteka Politechniki Koszalińskiej Wypożyczalnia BG P 46919 01591286 Książka
© 2023 Biblioteka Politechniki Koszalińskiej :: KOHA